| 000 | 00390cam a2200169ua 4500 | ||
|---|---|---|---|
| 020 | _cRs 2.0 | ||
| 041 |
_ahin _h |
||
| 082 |
_a891.54 _bHAN/SA |
||
| 100 | _aHansraj, Rahbar . | ||
| 245 |
_aSankalpa / _cHansraj Rahbar. _hTextual Documents |
||
| 260 |
_a : _bHindi Prakad , _c1978. |
||
| 300 | _a182 ; . | ||
| 365 | _aRs 2.0 | ||
| 504 | _a | ||
| 942 | _cBK | ||
| 999 |
_c2624 _d2624 |
||